Cyborg - Portrayals by Picture - Statistics

General Stats
  • This quiz has been taken 6 times
  • The average score is 7 of 23
Answer Stats
Picture Answer % Correct
Khary Payton
80%
Khary Payton
80%
Khary Payton
80%
Khary Payton
80%
Khary Payton
80%
Khary Payton
80%
Khary Payton / Brian Bloom
80%
Khary Payton / Kevin Michael Richardson
80%
Ray Fisher
40%
Alexander Brandon
0%
Avery Kidd Waddell
0%
Brandon Michael Hall
0%
Bumper Robinson
0%
Bumper Robinson
0%
Ernie Hudson
0%
Joivan Wade
0%
Lee Thompson Young
0%
Michael B. Jordan
0%
Phil LaMarr
0%
Shemar Moore
0%
Taylor Parks
0%
Wataru Takagi
0%
Zeno Robinson
0%
No matching quizzes found
Score Distribution
Percent of People with Each Score
Percentile by Number Answered
Your Score History
You have not taken this quiz